| 000 | 00539nam a2200169 a 4500 | ||
|---|---|---|---|
| 001 | 000031843 | ||
| 005 | 20200930063226.0 | ||
| 008 | 110706s197u pr 000 0 spa d | ||
| 040 |
_aDO-SdBNP _bspa _cBNPHU |
||
| 082 |
_axxxx _bM433 |
||
| 100 | 1 |
_aMatos, Domingo H. _958046 |
|
| 245 | 1 | 3 |
_aEl nuevo cantor antillano cantando a todo y a todo el mundo / _cDomingo H. Matos. |
| 260 |
_aHato Rey, Puerto Rico, _c[197-?]. |
||
| 300 |
_a[24 p.] ; _c21 cm. |
||
| 590 | _aLa bibloteca posee un ejemplar autografiado por el autor. | ||
| 049 | _aBNPD | ||
| 999 |
_c31335 _d31335 |
||